WWE Women's Roster (By Finisher) - Statistics

General Stats
  • This quiz has been taken 401 times
    352 since last reset
  • The average score is 25 of 39
Answer Stats
Hint Answer % Correct
Banks Statement Sasha Banks
98%
Twisted Bliss Alexa Bliss
95%
Asuka Lock Asuka
94%
Figure 8 Charlotte Flair
93%
Dis-Arm-Her Becky Lynch
92%
Riptide Rhea Ripley
87%
Oblivion Liv Morgan
86%
KOD Bianca Belair
85%
Samoan Drop Nia Jax
85%
Mella Buster Carmella
84%
Sharpshooter Natalya
83%
Rose Plant Bayley
80%
Deville Knee Sonya Deville
80%
Armbar Ronda Rousey
79%
Rampaige Paige
78%
Aliyah-Nation Aliyah
77%
Split-Legged Moonsault Naomi
76%
Eclipse Ember Moon
74%
Kiss the Rose Mandy Rose
73%
Superfly Splash Tamina
73%
Brooke Bomb Dana Brooke
71%
Woman's Right Lacey Evans
70%
Kirifuda Clutch Shayna Baszler
65%
Storm Zero Toni Storm
58%
The Purge Nikki Cross
51%
GTK Dakota Kai
50%
Shiniest Wizard Tegan Nox
48%
Asai Moonsault Io Shirai
46%
Wicked Stepsister Candice LeRae
44%
Protect Ya Neck Mia Yim
44%
Chingona Bomb Raquel Gonzalez
41%
Axe Kick Alicia Fox
35%
Backstabber Zelina Vega
35%
Sliced Red #2 Eva Marie
32%
Basement Crossbody Doudrop
27%
Gory Bomb Kay Lee Ray
27%
Black Lagoon Plunge Shotzi Blackheart
22%
Pretty Savage Indi Hartwell
20%
Road to Valhalla Franky Monet
12%
No matching quizzes found
Score Distribution
Percent of People with Each Score
Percentile by Number Answered
Your Score History
You have not taken this quiz since the last reset